000 00610nam a22002057a 4500
003 OSt
005 20140310182940.0
008 130202t xxu||||| |||| 00| 0 eng d
020 _a9789715426527
050 _aE 184
_b.P223 2010
082 _aFIL 305.899
_b.P223 2010
245 _aAn isteytsayd life
_bnot-so-random thoughts from a Pinoy living in America /
_cParan, Lorenzo III
260 _aQuezon City
_bUniversity of the Philippines Press
_cc2010
300 _avi, 169 p.
_bill.
_c23 cm.
521 _aCollege
526 _c1210L-1700L
541 _j1
562 _e1
942 _2lcc
_cBK
_kFIL
999 _c17701
_d17701